000 00672cam a2200253 4500500
005 20260329005300.0
041 _afre
042 _adc
100 1 0 _aPernes, Caroline
_eauthor
245 0 0 _a“Hasard”
260 _c2023.
500 _a15
690 _aBlaise Pascal
690 _aChaos
690 _aContingence
690 _aDarwin
690 _aHasard
690 _aJean-Paul Sartre
690 _aLeibniz
690 _aLucrèce
690 _aOrdre
786 0 _nPhilosophie magazine | 167 | 2 | 2023-03-01 | p. 56-56 | 1951-1787
856 4 1 _uhttps://shs.cairn.info/magazine-philosophie-magazine-2023-2-page-56?lang=fr&redirect-ssocas=7080
999 _c1841936
_d1841936